A storm of swords. (Record no. 3687)
[ view plain ]
| 000 -LEADER | |
|---|---|
| fixed length control field | 00644cam a2200193 4500 |
| 001 - CONTROL NUMBER | |
| control field | 4454 |
| 005 - DATE AND TIME OF LATEST TRANSACTION | |
| control field | 20181127173425.0 |
| 008 - FIXED-LENGTH DATA ELEMENTS--GENERAL INFORMATION | |
| fixed length control field | 000720s2000 nyuab 000 1 eng |
| 010 ## - LIBRARY OF CONGRESS CONTROL NUMBER | |
| LC control number | 00060827 |
| 020 ## - INTERNATIONAL STANDARD BOOK NUMBER | |
| International Standard Book Number | 0553106635 |
| 100 1# - MAIN ENTRY--PERSONAL NAME | |
| Personal name | Martin, George R. R. |
| 245 12 - TITLE STATEMENT | |
| Title | A storm of swords. |
| Number of part/section of a work | Pt. 1 : |
| Remainder of title | Steel and snow / |
| Statement of responsibility, etc. | George R.R. Martin. |
| 260 ## - PUBLICATION, DISTRIBUTION, ETC. | |
| Place of publication, distribution, etc. | London : |
| Name of publisher, distributor, etc. | HarperCollins Publishers, |
| Date of publication, distribution, etc. | 2014. |
| 300 ## - PHYSICAL DESCRIPTION | |
| Extent | 661 p. : |
| Other physical details | ill., maps ; |
| Dimensions | 22 cm. |
| 490 1# - SERIES STATEMENT | |
| Series statement | A song of ice and fire ; bk. 3 |
| 500 ## - GENERAL NOTE | |
| General note | Book three of a song of ice and fire. |
| 655 #7 - INDEX TERM--GENRE/FORM | |
| Genre/form data or focus term | Fantasy fiction. |
| Source of term | gsafd |
| 800 1# - SERIES ADDED ENTRY--PERSONAL NAME | |
| Personal name | Martin, George R. R. |
| Title of a work | Song of ice and fire ; |
| Volume/sequential designation | bk. 3. |
| Withdrawn status | Lost status | Source of classification or shelving scheme | Damaged status | Not for loan | Collection code | Home library | Current library | Shelving location | Date acquired | Serial Enumeration / chronology | Inventory number | Total Checkouts | Total Renewals | Full call number | Barcode | Date last seen | Date last checked out | Price effective from | Koha item type |
|---|---|---|---|---|---|---|---|---|---|---|---|---|---|---|---|---|---|---|---|
| Dewey Decimal Classification | Fiction | RTC Library | RTC Library | Fiction | 14/12/2021 | 8007 | 6 | 7 | FIC 813.54 MAR | 30006846 | 13/10/2024 | 16/09/2024 | 27/11/2018 | Fiction |